| 000 | 01057cam a2200325ua 4500 | ||
|---|---|---|---|
| 001 | .b46595491 | ||
| 003 | OSt | ||
| 005 | 20130510105838.0 | ||
| 008 | 081111s2008 sp 000 0 spa|d | ||
| 017 | _aB-48561-2008 | ||
| 020 | _a9788497887588 | ||
| 040 | _cCDMR | ||
| 100 | 1 |
_aJauset Berrocal, Jordi A. _92498 |
|
| 245 | 1 | 4 |
_aLas audiencias en la televisión _cJordi A. Jauset. El lenguaje de las noticias de televisión / Gemma Gimeno, Miquel Peralta |
| 260 |
_aBarcelona _bUOC _c2008 |
||
| 300 |
_a74, 81 p. ; _c21 cm |
||
| 490 | 0 |
_aDúo, 2 libros en 1 _v22 |
|
| 500 | _aLlibre capiculat | ||
| 504 | _aBibliografia | ||
| 650 | 0 | 4 |
_aTelevisió _xNoticiaris |
| 650 | 0 | 4 |
_aTeleespectadors _93121 |
| 650 | 0 | 4 |
_aMitjans de comunicació de massa _xAspectes sociològics _9921 |
| 650 | 0 | 4 |
_aPeriodisme _xManuals d'estil |
| 700 | 1 | _aGimeno, Gemma | |
| 700 | 1 |
_aPeralta, Miquel _92518 |
|
| 710 | 2 | _aUniversitat Oberta de Catalunya | |
| 740 | 3 | _aEl lenguaje de las noticias de televisión | |
| 830 | 0 |
_aDúo (Editorial UOC); _v22 |
|
| 942 |
_2udc _cMON |
||
| 999 |
_c6072 _d6072 |
||